000 00425nam a2200181Ia 4500
003 0100
008 130303s9999 xx 000 0 und d
040 _cARRUPELIB
050 _aQH541.S55 1971
100 _aSlusser, Dorothy M
245 _aTechnology-The God that Failed
260 _aPhiladelphia
260 _bThe Westminster Press
260 _C1971
300 _a169P
700 _aSlusser, Gerald H
942 0 0 _01
999 _c33099
_d33099